[Event "ODJM A 2024"]
[Site "Willingen GER"]
[Date "2024.05.20"]
[Round "3"]
[White "Hoffmann, Alexander"]
[Black "Pfaar, Zeno"]
[Result "1/2-1/2"]
[Termination "normal"]
[Board "22"]
[WhiteElo "1901"]
[BlackElo "1961"]
[WhiteClock "00:20:15"]
[BlackClock "00:18:26"]
[PlyCount "42"]
[WhiteFideId "16240219"]
[BlackFideId "34614567"]
[EventCountry "GER"]
[EventRounds "9"]
[EventType "swiss"]
[EventDate "2024.05.18"]

1. c4 {[%clk 01:30:57]} {[%emt 00:00:01]} Nc6 {[%clk 01:30:41]} {[%emt
00:00:20]} 2. e3 {[%clk 01:29:24]} {[%emt 00:02:03]} e6 {[%clk 01:29:50]}
{[%emt 00:01:21]} 3. Nf3 {[%clk 01:29:41]} {[%emt 00:00:13]} d5 {[%clk
01:30:09]} {[%emt 00:00:11]} 4. b3 {[%clk 01:28:54]} {[%emt 00:01:17]} Nf6
{[%clk 01:27:35]} {[%emt 00:03:04]} 5. Bb2 {[%clk 01:28:21]} {[%emt 00:01:03]}
a5 {[%clk 01:22:45]} {[%emt 00:05:19]} 6. Nc3 {[%clk 01:23:19]} {[%emt
00:05:33]} Bd6 {[%clk 01:12:46]} {[%emt 00:10:29]} 7. Be2 {[%clk 01:21:25]}
{[%emt 00:02:24]} O-O {[%clk 01:12:07]} {[%emt 00:01:09]} 8. O-O {[%clk
01:19:23]} {[%emt 00:02:32]} Re8 {[%clk 01:12:21]} {[%emt 00:00:16]} 9. a3
{[%clk 01:12:26]} {[%emt 00:07:27]} h6 {[%clk 01:10:49]} {[%emt 00:02:00]} 10.
Qc2 {[%clk 01:05:22]} {[%emt 00:07:35]} dxc4 {[%clk 01:08:08]} {[%emt
00:03:12]} 11. Bxc4 {[%clk 01:04:47]} {[%emt 00:01:05]} e5 {[%clk 01:07:06]}
{[%emt 00:01:32]} 12. Nb5 {[%clk 00:52:01]} {[%emt 00:13:17]} e4 {[%clk
00:44:23]} {[%emt 00:23:12]} 13. Nxd6 {[%clk 00:49:12]} {[%emt 00:03:18]} Qxd6
{[%clk 00:39:34]} {[%emt 00:05:18]} 14. Nd4 {[%clk 00:46:59]} {[%emt 00:02:44]}
Nxd4 {[%clk 00:37:19]} {[%emt 00:02:45]} 15. Bxd4 {[%clk 00:45:45]} {[%emt
00:01:44]} Ng4 {[%clk 00:35:41]} {[%emt 00:02:08]} 16. g3 {[%clk 00:45:03]}
{[%emt 00:01:13]} Be6 {[%clk 00:30:38]} {[%emt 00:05:32]} 17. Bxe6 {[%clk
00:36:18]} {[%emt 00:09:16]} Rxe6 {[%clk 00:30:20]} {[%emt 00:00:47]} 18. f3
{[%clk 00:28:07]} {[%emt 00:08:42]} exf3 {[%clk 00:29:26]} {[%emt 00:01:24]}
19. Rxf3 {[%clk 00:28:23]} {[%emt 00:00:15]} Ne5 {[%clk 00:22:33]} {[%emt
00:07:22]} 20. Rf5 {[%clk 00:22:45]} {[%emt 00:06:08]} Qc6 {[%clk 00:18:09]}
{[%emt 00:04:53]} 21. Qxc6 {[%clk 00:20:15]} {[%emt 00:03:01]} Nxc6 {[%clk
00:18:26]} {[%emt 00:00:13]} 1/2-1/2

[Event "ODJM A 2024"]
[Site "Willingen GER"]
[Date "2024.05.20"]
[Round "3"]
[White "Jansen, Malte"]
[Black "Beyer, Lorenz"]
[Result "1/2-1/2"]
[Termination "normal"]
[Board "23"]
[WhiteElo "1835"]
[BlackElo "1956"]
[WhiteClock "00:38:27"]
[BlackClock "00:22:53"]
[PlyCount "57"]
[WhiteFideId "16295137"]
[BlackFideId "16245393"]
[EventCountry "GER"]
[EventRounds "9"]
[EventType "swiss"]
[EventDate "2024.05.18"]

1. e4 {[%clk 01:30:55]} {[%emt 00:00:03]} e6 {[%clk 01:30:56]} {[%emt
00:00:04]} 2. d4 {[%clk 01:31:13]} {[%emt 00:00:13]} d5 {[%clk 01:31:22]}
{[%emt 00:00:05]} 3. exd5 {[%clk 01:31:29]} {[%emt 00:00:14]} exd5 {[%clk
01:31:45]} {[%emt 00:00:06]} 4. Nf3 {[%clk 01:31:43]} {[%emt 00:00:16]} Bd6
{[%clk 01:32:06]} {[%emt 00:00:08]} 5. Be2 {[%clk 01:31:31]} {[%emt 00:00:43]}
h6 {[%clk 01:32:25]} {[%emt 00:00:11]} 6. c3 {[%clk 01:30:44]} {[%emt
00:01:16]} Ne7 {[%clk 01:29:25]} {[%emt 00:03:31]} 7. O-O {[%clk 01:30:27]}
{[%emt 00:00:46]} O-O {[%clk 01:29:46]} {[%emt 00:00:10]} 8. Re1 {[%clk
01:30:00]} {[%emt 00:00:57]} Bf5 {[%clk 01:29:21]} {[%emt 00:00:55]} 9. Nbd2
{[%clk 01:28:19]} {[%emt 00:02:10]} Nd7 {[%clk 01:28:18]} {[%emt 00:01:34]} 10.
Nf1 {[%clk 01:25:25]} {[%emt 00:03:24]} c6 {[%clk 01:24:07]} {[%emt 00:04:41]}
11. Ng3 {[%clk 01:22:04]} {[%emt 00:03:51]} Bh7 {[%clk 01:21:17]} {[%emt
00:03:20]} 12. Bd3 {[%clk 01:16:19]} {[%emt 00:06:14]} Bxd3 {[%clk 01:19:27]}
{[%emt 00:02:21]} 13. Qxd3 {[%clk 01:15:14]} {[%emt 00:01:34]} Re8 {[%clk
01:16:57]} {[%emt 00:03:00]} 14. Be3 {[%clk 01:08:29]} {[%emt 00:07:15]} Ng6
{[%clk 01:09:39]} {[%emt 00:07:50]} 15. Re2 {[%clk 00:59:25]} {[%emt 00:09:33]}
Nh4 {[%clk 00:57:15]} {[%emt 00:12:54]} 16. Nxh4 {[%clk 00:52:52]} {[%emt
00:07:02]} Qxh4 {[%clk 00:56:10]} {[%emt 00:01:35]} 17. Rae1 {[%clk 00:53:08]}
{[%emt 00:00:15]} Nf6 {[%clk 00:47:29]} {[%emt 00:09:10]} 18. Nf1 {[%clk
00:48:26]} {[%emt 00:05:12]} Qh5 {[%clk 00:43:44]} {[%emt 00:04:16]} 19. f3
{[%clk 00:44:54]} {[%emt 00:04:02]} Qg6 {[%clk 00:27:35]} {[%emt 00:16:39]} 20.
Qxg6 {[%clk 00:43:06]} {[%emt 00:02:17]} fxg6 {[%clk 00:26:45]} {[%emt
00:01:21]} 21. Bf2 {[%clk 00:42:41]} {[%emt 00:00:54]} Kf7 {[%clk 00:26:34]}
{[%emt 00:00:42]} 22. Bg3 {[%clk 00:42:30]} {[%emt 00:00:41]} Rxe2 {[%clk
00:25:53]} {[%emt 00:01:11]} 23. Rxe2 {[%clk 00:42:48]} {[%emt 00:00:12]} Re8
{[%clk 00:24:12]} {[%emt 00:02:11]} 24. Rxe8 {[%clk 00:42:32]} {[%emt
00:00:46]} Nxe8 {[%clk 00:24:39]} {[%emt 00:00:02]} 25. Kf2 {[%clk 00:42:36]}
{[%emt 00:00:26]} Ke6 {[%clk 00:24:54]} {[%emt 00:00:15]} 26. Ke3 {[%clk
00:42:01]} {[%emt 00:01:04]} Bxg3 {[%clk 00:23:14]} {[%emt 00:02:12]} 27. Nxg3
{[%clk 00:42:04]} {[%emt 00:00:26]} Nd6 {[%clk 00:22:53]} {[%emt 00:00:51]} 28.
b3 {[%clk 00:38:27]} {[%emt 00:04:08]} Ke5 {[%emt 00:07:17]} 29. Ke4+ 1/2-1/2

[Event "ODJM A 2024"]
[Site "Willingen GER"]
[Date "2024.05.20"]
[Round "3"]
[White "Sundui, Chinguun"]
[Black "Harutyunyan, Hovhannes"]
[Result "1/2-1/2"]
[Termination "normal"]
[Board "24"]
[WhiteElo "1895"]
[BlackElo "1914"]
[WhiteClock "00:08:50"]
[BlackClock "00:48:37"]
[PlyCount "65"]
[WhiteFideId "4907930"]
[BlackFideId "16281942"]
[EventCountry "GER"]
[EventRounds "9"]
[EventType "swiss"]
[EventDate "2024.05.18"]

1. e4 {[%clk 01:30:58]} {[%emt 00:00:02]} e6 {[%clk 01:30:55]} {[%emt
00:00:05]} 2. d4 {[%clk 01:31:24]} {[%emt 00:00:04]} d5 {[%clk 01:31:21]}
{[%emt 00:00:03]} 3. e5 {[%clk 01:31:51]} {[%emt 00:00:03]} c5 {[%clk
01:31:48]} {[%emt 00:00:04]} 4. c3 {[%clk 01:32:17]} {[%emt 00:00:04]} Nc6
{[%clk 01:32:10]} {[%emt 00:00:08]} 5. Nf3 {[%clk 01:32:40]} {[%emt 00:00:06]}
cxd4 {[%clk 01:32:34]} {[%emt 00:00:07]} 6. cxd4 {[%clk 01:33:06]} {[%emt
00:00:04]} Nge7 {[%clk 01:30:52]} {[%emt 00:02:12]} 7. Bd3 {[%clk 01:33:04]}
{[%emt 00:00:31]} Nf5 {[%clk 01:30:10]} {[%emt 00:01:13]} 8. Be3 {[%clk
01:32:50]} {[%emt 00:00:43]} Qb6 {[%clk 01:27:47]} {[%emt 00:02:53]} 9. Qd2
{[%clk 01:32:25]} {[%emt 00:00:56]} Bd7 {[%clk 01:24:51]} {[%emt 00:03:27]} 10.
Bxf5 {[%clk 01:15:46]} {[%emt 00:17:07]} exf5 {[%clk 01:24:30]} {[%emt
00:00:51]} 11. Nc3 {[%clk 01:16:07]} {[%emt 00:00:09]} Be6 {[%clk 01:24:32]}
{[%emt 00:00:29]} 12. O-O {[%clk 01:15:35]} {[%emt 00:01:02]} Be7 {[%clk
01:24:41]} {[%emt 00:00:20]} 13. a3 {[%clk 01:10:16]} {[%emt 00:05:50]} a5
{[%clk 01:23:37]} {[%emt 00:01:34]} 14. Qd3 {[%clk 01:02:37]} {[%emt 00:08:09]}
O-O {[%clk 01:19:51]} {[%emt 00:04:15]} 15. Na4 {[%clk 01:01:29]} {[%emt
00:01:39]} Qa6 {[%clk 01:19:31]} {[%emt 00:00:49]} 16. Qxa6 {[%clk 00:58:22]}
{[%emt 00:03:37]} Rxa6 {[%clk 01:19:56]} {[%emt 00:00:05]} 17. Rac1 {[%clk
00:57:28]} {[%emt 00:01:24]} h6 {[%clk 01:19:31]} {[%emt 00:00:56]} 18. h4
{[%clk 00:54:22]} {[%emt 00:03:34]} Kh7 {[%clk 01:15:45]} {[%emt 00:04:18]} 19.
Rfd1 {[%clk 00:45:16]} {[%emt 00:09:36]} Rg8 {[%clk 01:14:23]} {[%emt
00:01:51]} 20. h5 {[%clk 00:35:44]} {[%emt 00:10:01]} g5 {[%clk 01:10:51]}
{[%emt 00:04:04]} 21. hxg6+ {[%clk 00:36:02]} {[%emt 00:00:12]} fxg6 {[%clk
01:11:07]} {[%emt 00:00:13]} 22. Ne1 {[%clk 00:31:30]} {[%emt 00:05:02]} b5
{[%clk 01:05:38]} {[%emt 00:06:00]} 23. Nc5 {[%clk 00:30:51]} {[%emt 00:01:09]}
Bxc5 {[%clk 01:06:00]} {[%emt 00:00:07]} 24. Rxc5 {[%clk 00:31:04]} {[%emt
00:00:17]} Rb6 {[%clk 01:06:04]} {[%emt 00:00:26]} 25. Rdc1 {[%clk 00:30:32]}
{[%emt 00:01:03]} Rc8 {[%clk 01:03:54]} {[%emt 00:02:40]} 26. Nd3 {[%clk
00:23:10]} {[%emt 00:07:51]} g5 {[%clk 01:01:59]} {[%emt 00:02:25]} 27. f4
{[%clk 00:22:15]} {[%emt 00:01:25]} Kg6 {[%clk 01:01:16]} {[%emt 00:01:14]} 28.
b4 {[%clk 00:17:11]} {[%emt 00:05:34]} a4 {[%clk 00:59:59]} {[%emt 00:01:48]}
29. Kf2 {[%clk 00:16:52]} {[%emt 00:00:48]} g4 {[%clk 00:57:50]} {[%emt
00:02:38]} 30. Nb2 {[%clk 00:15:49]} {[%emt 00:01:33]} Na7 {[%clk 00:50:14]}
{[%emt 00:08:06]} 31. Rxc8 {[%clk 00:10:38]} {[%emt 00:05:40]} Bxc8 {[%clk
00:48:22]} {[%emt 00:02:23]} 32. Rc7 {[%clk 00:08:50]} {[%emt 00:02:18]} Rc6
{[%clk 00:48:37]} {[%emt 00:00:15]} 33. Rxc6+ {[%emt 00:02:48]} 1/2-1/2

[Event "ODJM A 2024"]
[Site "Willingen GER"]
[Date "2024.05.20"]
[Round "3"]
[White "Ruddat, Jarne"]
[Black "Bilenko, Yaroslav"]
[Result "1/2-1/2"]
[Termination "normal"]
[Board "25"]
[WhiteElo "1854"]
[BlackElo "2136"]
[WhiteClock "00:20:47"]
[BlackClock "00:04:52"]
[PlyCount "162"]
[WhiteFideId "16254236"]
[BlackFideId "34120165"]
[EventCountry "GER"]
[EventRounds "9"]
[EventType "swiss"]
[EventDate "2024.05.18"]

1. e4 {[%clk 01:30:58]} {[%emt 00:00:02]} c5 {[%clk 01:30:53]} {[%emt
00:00:08]} 2. Nf3 {[%clk 01:31:21]} {[%emt 00:00:06]} d6 {[%clk 01:31:15]}
{[%emt 00:00:09]} 3. d4 {[%clk 01:31:41]} {[%emt 00:00:10]} cxd4 {[%clk
01:31:38]} {[%emt 00:00:08]} 4. Nxd4 {[%clk 01:32:04]} {[%emt 00:00:06]} Nf6
{[%clk 01:32:02]} {[%emt 00:00:06]} 5. Nc3 {[%clk 01:32:28]} {[%emt 00:00:06]}
Nc6 {[%clk 01:32:21]} {[%emt 00:00:11]} 6. Be3 {[%clk 01:30:46]} {[%emt
00:02:12]} Ng4 {[%clk 01:32:27]} {[%emt 00:00:25]} 7. Nxc6 {[%clk 01:27:49]}
{[%emt 00:03:27]} bxc6 {[%clk 01:32:32]} {[%emt 00:00:25]} 8. Bc1 {[%clk
01:23:25]} {[%emt 00:04:54]} Qb6 {[%clk 01:31:21]} {[%emt 00:01:41]} 9. Qf3
{[%clk 01:17:10]} {[%emt 00:06:44]} g6 {[%clk 01:30:07]} {[%emt 00:01:45]} 10.
Be2 {[%clk 01:14:28]} {[%emt 00:03:12]} Bg7 {[%clk 01:29:36]} {[%emt 00:01:00]}
11. O-O {[%clk 01:10:49]} {[%emt 00:04:09]} O-O {[%clk 01:25:27]} {[%emt
00:04:40]} 12. h3 {[%clk 01:09:30]} {[%emt 00:01:49]} Ne5 {[%clk 01:20:55]}
{[%emt 00:05:02]} 13. Qe3 {[%clk 01:08:35]} {[%emt 00:01:25]} Rb8 {[%clk
01:19:57]} {[%emt 00:01:28]} 14. Qxb6 {[%clk 01:06:39]} {[%emt 00:02:26]} axb6
{[%clk 01:14:04]} {[%emt 00:06:24]} 15. b3 {[%clk 00:57:31]} {[%emt 00:09:38]}
Nd7 {[%clk 01:04:35]} {[%emt 00:09:58]} 16. Bb2 {[%clk 00:56:26]} {[%emt
00:01:35]} Nc5 {[%clk 01:01:03]} {[%emt 00:04:02]} 17. f3 {[%clk 00:46:37]}
{[%emt 00:10:20]} f5 {[%clk 00:55:49]} {[%emt 00:05:44]} 18. b4 {[%clk
00:40:36]} {[%emt 00:06:31]} Ne6 {[%clk 00:51:02]} {[%emt 00:05:16]} 19. Nd1
{[%clk 00:37:11]} {[%emt 00:03:56]} fxe4 {[%clk 00:36:43]} {[%emt 00:14:49]}
20. fxe4 {[%clk 00:37:06]} {[%emt 00:00:35]} Nf4 {[%clk 00:36:45]} {[%emt
00:00:28]} 21. Bd3 {[%clk 00:32:52]} {[%emt 00:04:44]} Be6 {[%clk 00:31:30]}
{[%emt 00:05:45]} 22. Bxg7 {[%clk 00:32:26]} {[%emt 00:00:56]} Kxg7 {[%clk
00:29:24]} {[%emt 00:02:36]} 23. Nc3 {[%clk 00:31:59]} {[%emt 00:00:57]} b5
{[%clk 00:27:56]} {[%emt 00:01:58]} 24. a4 {[%clk 00:28:29]} {[%emt 00:04:01]}
bxa4 {[%clk 00:23:17]} {[%emt 00:05:09]} 25. Rxa4 {[%clk 00:28:54]} {[%emt
00:00:05]} Nxd3 {[%clk 00:21:53]} {[%emt 00:01:53]} 26. cxd3 {[%clk 00:29:17]}
{[%emt 00:00:07]} Rxf1+ {[%clk 00:16:09]} {[%emt 00:06:14]} 27. Kxf1 {[%clk
00:29:42]} {[%emt 00:00:05]} Rb6 {[%clk 00:16:02]} {[%emt 00:00:37]} 28. Ra7
{[%clk 00:25:22]} {[%emt 00:04:50]} Kf6 {[%clk 00:16:09]} {[%emt 00:00:23]} 29.
Rc7 {[%clk 00:23:25]} {[%emt 00:02:28]} Rxb4 {[%clk 00:16:02]} {[%emt
00:00:37]} 30. Rxc6 {[%clk 00:23:23]} {[%emt 00:00:32]} Rb2 {[%clk 00:16:11]}
{[%emt 00:00:20]} 31. Ne2 {[%clk 00:23:07]} {[%emt 00:00:45]} Bd7 {[%clk
00:13:58]} {[%emt 00:02:44]} 32. Rc3 {[%clk 00:19:40]} {[%emt 00:03:57]} Bb5
{[%clk 00:08:02]} {[%emt 00:06:27]} 33. Kf2 {[%clk 00:19:43]} {[%emt 00:00:27]}
h5 {[%clk 00:07:37]} {[%emt 00:00:55]} 34. Kf3 {[%clk 00:16:18]} {[%emt
00:03:53]} g5 {[%clk 00:07:30]} {[%emt 00:00:38]} 35. g4 {[%clk 00:12:15]}
{[%emt 00:04:33]} h4 {[%clk 00:07:25]} {[%emt 00:00:35]} 36. Ra3 {[%clk
00:09:20]} {[%emt 00:03:25]} Rd2 {[%clk 00:04:48]} {[%emt 00:03:06]} 37. Ke3
{[%clk 00:09:10]} {[%emt 00:00:40]} Rd1 {[%clk 00:05:16]} {[%emt 00:00:02]} 38.
Nd4 {[%clk 00:05:15]} {[%emt 00:04:25]} Bd7 {[%clk 00:05:43]} {[%emt 00:00:03]}
39. Ra7 {[%clk 00:04:52]} {[%emt 00:00:53]} Be6 {[%clk 00:05:58]} {[%emt
00:00:15]} 40. Nxe6 {[%clk 00:01:14]} {[%emt 00:04:08]} Kxe6 {[%clk 00:06:26]}
{[%emt 00:00:02]} 41. Ra5 {[%clk 00:28:42]} {[%emt 00:03:02]} Rh1 {[%clk
00:18:39]} {[%emt 00:18:16]} 42. Rxg5 {[%clk 00:27:52]} {[%emt 00:01:20]} Rxh3+
{[%clk 00:19:03]} {[%emt 00:00:06]} 43. Ke2 {[%clk 00:23:00]} {[%emt 00:05:23]}
Rh2+ {[%clk 00:12:10]} {[%emt 00:07:22]} 44. Ke3 {[%clk 00:22:01]} {[%emt
00:01:29]} Rg2 {[%clk 00:08:34]} {[%emt 00:04:07]} 45. Rh5 {[%clk 00:17:36]}
{[%emt 00:04:55]} Rxg4 {[%clk 00:08:22]} {[%emt 00:00:42]} 46. Kf3 {[%clk
00:16:31]} {[%emt 00:01:35]} Rg3+ {[%clk 00:08:45]} {[%emt 00:00:06]} 47. Kf4
{[%clk 00:16:55]} {[%emt 00:00:07]} Rxd3 {[%clk 00:07:46]} {[%emt 00:01:29]}
48. Rxh4 {[%clk 00:17:22]} {[%emt 00:00:03]} Rd1 {[%clk 00:07:25]} {[%emt
00:00:51]} 49. Rh5 {[%clk 00:17:32]} {[%emt 00:00:20]} Kd7 {[%clk 00:07:50]}
{[%emt 00:00:05]} 50. Ra5 {[%clk 00:17:31]} {[%emt 00:00:30]} Rf1+ {[%clk
00:08:02]} {[%emt 00:00:19]} 51. Ke3 {[%clk 00:17:26]} {[%emt 00:00:35]} Rc1
{[%clk 00:07:51]} {[%emt 00:00:41]} 52. Kd4 {[%clk 00:17:09]} {[%emt 00:00:45]}
e5+ {[%clk 00:08:04]} {[%emt 00:00:19]} 53. Ke3 {[%clk 00:17:22]} {[%emt
00:00:16]} Rc3+ {[%clk 00:08:00]} {[%emt 00:00:35]} 54. Kd2 {[%clk 00:17:44]}
{[%emt 00:00:07]} Rh3 {[%clk 00:08:14]} {[%emt 00:00:17]} 55. Ra6 {[%clk
00:17:48]} {[%emt 00:00:26]} Rb3 {[%clk 00:08:04]} {[%emt 00:00:40]} 56. Ke2
{[%clk 00:17:51]} {[%emt 00:00:27]} Kc7 {[%clk 00:08:15]} {[%emt 00:00:19]} 57.
Kd2 {[%clk 00:17:44]} {[%emt 00:00:37]} Rb4 {[%clk 00:06:02]} {[%emt 00:02:43]}
58. Kd3 {[%clk 00:17:44]} {[%emt 00:00:30]} Rd4+ {[%clk 00:06:16]} {[%emt
00:00:16]} 59. Ke3 {[%clk 00:18:05]} {[%emt 00:00:08]} Kb7 {[%clk 00:06:40]}
{[%emt 00:00:06]} 60. Ra1 {[%clk 00:18:26]} {[%emt 00:00:09]} Kb6 {[%clk
00:06:49]} {[%emt 00:00:23]} 61. Rb1+ {[%clk 00:18:32]} {[%emt 00:00:24]} Kc5
{[%clk 00:06:47]} {[%emt 00:00:32]} 62. Ra1 {[%clk 00:18:38]} {[%emt 00:00:24]}
Rb4 {[%clk 00:06:55]} {[%emt 00:00:21]} 63. Ra5+ {[%clk 00:18:57]} {[%emt
00:00:11]} Rb5 {[%clk 00:07:19]} {[%emt 00:00:06]} 64. Ra3 {[%clk 00:19:21]}
{[%emt 00:00:06]} Kc4 {[%clk 00:07:12]} {[%emt 00:00:38]} 65. Ra6 {[%clk
00:19:26]} {[%emt 00:00:25]} Rb3+ {[%clk 00:06:54]} {[%emt 00:00:48]} 66. Ke2
{[%clk 00:19:48]} {[%emt 00:00:08]} Kd4 {[%clk 00:06:47]} {[%emt 00:00:36]} 67.
Rxd6+ {[%clk 00:19:47]} {[%emt 00:00:31]} Kxe4 {[%clk 00:07:11]} {[%emt
00:00:06]} 68. Rh6 {[%clk 00:17:30]} {[%emt 00:02:46]} Rb2+ {[%clk 00:07:12]}
{[%emt 00:00:30]} 69. Kd1 {[%clk 00:17:21]} {[%emt 00:00:38]} Kd3 {[%clk
00:05:21]} {[%emt 00:02:21]} 70. Rh3+ {[%clk 00:17:40]} {[%emt 00:00:12]} Kd4
{[%clk 00:05:45]} {[%emt 00:00:06]} 71. Rg3 {[%clk 00:18:04]} {[%emt 00:00:06]}
e4 {[%clk 00:06:06]} {[%emt 00:00:09]} 72. Rh3 {[%clk 00:18:25]} {[%emt
00:00:09]} Rf2 {[%clk 00:05:51]} {[%emt 00:00:44]} 73. Ke1 {[%clk 00:18:10]}
{[%emt 00:00:45]} Rc2 {[%clk 00:06:16]} {[%emt 00:00:05]} 74. Kd1 {[%clk
00:18:13]} {[%emt 00:00:28]} Rc3 {[%clk 00:02:20]} {[%emt 00:04:26]} 75. Rxc3
{[%clk 00:18:12]} {[%emt 00:00:31]} Kxc3 {[%clk 00:02:48]} {[%emt 00:00:02]}
76. Ke2 {[%clk 00:18:36]} {[%emt 00:00:06]} Kd4 {[%clk 00:03:12]} {[%emt
00:00:06]} 77. Kd2 {[%clk 00:19:02]} {[%emt 00:00:03]} e3+ {[%clk 00:03:37]}
{[%emt 00:00:05]} 78. Ke2 {[%clk 00:19:27]} {[%emt 00:00:06]} Ke4 {[%clk
00:04:04]} {[%emt 00:00:03]} 79. Ke1 {[%clk 00:19:54]} {[%emt 00:00:03]} Kd3
{[%clk 00:04:27]} {[%emt 00:00:08]} 80. Kd1 {[%clk 00:20:19]} {[%emt 00:00:04]}
e2+ {[%clk 00:04:52]} {[%emt 00:00:05]} 81. Ke1 {[%clk 00:20:47]} {[%emt
00:00:03]} Ke3 {[%emt 00:00:03]} 1/2-1/2

[Event "ODJM A 2024"]
[Site "Willingen GER"]
[Date "2024.05.20"]
[Round "3"]
[White "Seitz, Manuel"]
[Black "Weigand, Anton"]
[Result "0-1"]
[Termination "normal"]
[Board "26"]
[WhiteElo "1882"]
[BlackElo "2091"]
[WhiteClock "00:16:12"]
[BlackClock "00:27:11"]
[PlyCount "57"]
[WhiteFideId "16215770"]
[BlackFideId "16221915"]
[EventCountry "GER"]
[EventRounds "9"]
[EventType "swiss"]
[EventDate "2024.05.18"]

1. e4 {[%clk 01:30:56]} {[%emt 00:00:03]} c5 {[%clk 01:30:54]} {[%emt
00:00:06]} 2. f4 {[%clk 01:31:09]} {[%emt 00:00:17]} d5 {[%clk 01:31:19]}
{[%emt 00:00:05]} 3. Bb5+ {[%clk 01:31:31]} {[%emt 00:00:09]} Bd7 {[%clk
01:31:44]} {[%emt 00:00:06]} 4. Bxd7+ {[%clk 01:31:53]} {[%emt 00:00:08]} Qxd7
{[%clk 01:32:12]} {[%emt 00:00:02]} 5. d3 {[%clk 01:32:11]} {[%emt 00:00:11]}
Nf6 {[%clk 01:31:42]} {[%emt 00:00:59]} 6. e5 {[%clk 01:30:22]} {[%emt
00:02:20]} Ng4 {[%clk 01:31:59]} {[%emt 00:00:12]} 7. h3 {[%clk 01:27:18]}
{[%emt 00:03:34]} Nh6 {[%clk 01:32:23]} {[%emt 00:00:06]} 8. Nf3 {[%clk
01:25:19]} {[%emt 00:02:28]} e6 {[%clk 01:31:11]} {[%emt 00:01:43]} 9. g4
{[%clk 01:20:02]} {[%emt 00:05:47]} Nc6 {[%clk 01:30:13]} {[%emt 00:01:28]} 10.
O-O {[%clk 01:15:38]} {[%emt 00:04:55]} Ng8 {[%clk 01:22:52]} {[%emt 00:07:51]}
11. c4 {[%clk 01:08:48]} {[%emt 00:07:20]} h5 {[%clk 01:15:32]} {[%emt
00:07:49]} 12. Nc3 {[%clk 00:54:37]} {[%emt 00:14:42]} hxg4 {[%clk 01:10:54]}
{[%emt 00:05:08]} 13. hxg4 {[%clk 00:53:49]} {[%emt 00:01:18]} Nh6 {[%clk
01:11:13]} {[%emt 00:00:10]} 14. cxd5 {[%clk 00:47:04]} {[%emt 00:07:16]} exd5
{[%clk 01:09:53]} {[%emt 00:01:49]} 15. f5 {[%clk 00:46:30]} {[%emt 00:01:04]}
O-O-O {[%clk 01:03:53]} {[%emt 00:06:29]} 16. Bxh6 {[%clk 00:40:11]} {[%emt
00:06:50]} Rxh6 {[%clk 01:03:57]} {[%emt 00:00:25]} 17. Kg2 {[%clk 00:38:13]}
{[%emt 00:02:28]} g6 {[%clk 00:59:04]} {[%emt 00:05:23]} 18. e6 {[%clk
00:25:25]} {[%emt 00:13:19]} fxe6 {[%clk 00:54:42]} {[%emt 00:04:52]} 19. g5
{[%clk 00:25:43]} {[%emt 00:00:11]} Rh5 {[%clk 00:54:52]} {[%emt 00:00:18]} 20.
f6 {[%clk 00:25:35]} {[%emt 00:00:40]} e5 {[%clk 00:54:46]} {[%emt 00:00:36]}
21. Rh1 {[%clk 00:23:41]} {[%emt 00:02:25]} Qg4+ {[%clk 00:43:04]} {[%emt
00:12:11]} 22. Kf2 {[%clk 00:23:31]} {[%emt 00:00:41]} Rxh1 {[%clk 00:43:24]}
{[%emt 00:00:10]} 23. Qxh1 {[%clk 00:23:49]} {[%emt 00:00:11]} e4 {[%clk
00:43:51]} {[%emt 00:00:04]} 24. Ng1 {[%clk 00:19:18]} {[%emt 00:04:59]} Qxg5
{[%clk 00:38:21]} {[%emt 00:06:01]} 25. dxe4 {[%clk 00:18:01]} {[%emt
00:01:47]} Qxf6+ {[%clk 00:37:34]} {[%emt 00:01:18]} 26. Qf3 {[%clk 00:17:11]}
{[%emt 00:01:19]} Qd4+ {[%clk 00:26:40]} {[%emt 00:11:24]} 27. Qe3 {[%clk
00:15:49]} {[%emt 00:01:53]} Qxe3+ {[%clk 00:26:45]} {[%emt 00:00:25]} 28. Kxe3
{[%clk 00:16:12]} {[%emt 00:00:07]} d4+ {[%clk 00:27:11]} {[%emt 00:00:04]} 29.
Kxd4 {[%emt 00:00:25]} 0-1